Bilecik Bilecik Bilecik Bilecik Bilecik

Sultan II. Abdülhamid sempozyumu : (Record no. 47796)

MARC details
000 -BAŞLIK
Sabit Uzunluktaki Kontrol Alanı 01360nam a22003737a 4500
001 - KONTROL NUMARASI
Control Dosyası 0047954
003 - KONTROL NUMARASI KİMLİĞİ
Kontrol Alanı KOHA_MİRAKIL
005 - EN SON İŞLEM TARİHİ ve ZAMANI
Kontrol Alanı 20260207003603.0
007 - FİZİKSEL TANIM SABİT ALAN - GENEL BİLGİ
Sabit uzunluklu kontrol alanı ta
008 - SABİT UZUNLUKTAKİ VERİ ÖGELERİ - GENEL BİLGİ
Sabit Alan 150417b2014 tu a|||gr||||#0|||0|tur |
020 ## - ISBN - ULUSLARARASI STANDART KİTAP NUMARASI
Isbn 9789751628954
Nitelik bilgileri (v. 2)
020 ## - ISBN - ULUSLARARASI STANDART KİTAP NUMARASI
Isbn 9751628954
Nitelik bilgileri (v. 2)
020 ## - ISBN - ULUSLARARASI STANDART KİTAP NUMARASI
Isbn
040 ## - KATALOGLAMA KAYNAĞI
Özgün Kataloglama Kurumu TR-BiSEU
Kataloglama Dili tur
Çeviri Kurumu TR-BiSEU
Açıklama Kuralları rda
041 0# - DİL KODU
Metin ya da ses kaydının dil kodu tur
044 ## - YAYINLAYAN/ÜRETEN KURULUŞUN ÜLKE KODU
ISO country code tu
050 ## - SINIFLAMA ve YER NUMARASI
Sınıflama Numarası DR571
Yer Numarası .S85 2014
111 2# - TOPLANTI ADI
Toplantı Adı Sultan II. Abdülhamid Sempozyumu (2014 : Selanik)
9 (RLIN) 87994
245 1# - ESER ADI BİLDİRİMİ
Başlık Sultan II. Abdülhamid sempozyumu :
Alt Eseradı vb. bildiriler, 20-21 Şubat 2014, Selanik/
Sorumluluk Bildirimi Bilim kurulu Prof. Dr. M. Metin Hülagü [ve bşk.] ; yürütme kurulu Prof. Dr. M. Metin Hülagü [ve bşk.]..
264 #1 - ÜRERİM, YAYIN, DAĞITIM ve TELİF BİLDİRİMİ
Yayın yeri Ankara :
Yayınlayan Türk Tarih Kurumu
Yayın tarihi 2014
300 ## - FİZİKSEL TANIMLAMA
Sayfa, Cilt vb. c. :
Diğer fiziki detaylar resimli ;
Boyutları 23 cm.
336 ## - İÇERİK TÜRÜ
Content type term metin
Content type code txt
Source rdacontent
337 ## - MEDYA TÜRÜ
Media type term aracısız
Media type code n
Source rdamedia
338 ## - TAŞIYICI TÜRÜ
Carrier type term cilt
Carrier type code nc
Source rdacarrier
490 1# - DİZİ BİLDİRİMİ
Dizi Bildirimi AKDTYK Türk Tarih Kurumu yayınları ;
Cilt Numarası VIII.
490 1# - DİZİ BİLDİRİMİ
Dizi Bildirimi Dizi-sayı 7b
650 #0 - KONU BAŞLIĞI EK GİRİŞ - KONU TERİMİ
Konusal terim veya coğrafi ad Abdülhamid II, Sultan of the Turks, 1842-1918--Congresses.
9 (RLIN) 87995
650 #0 - KONU BAŞLIĞI EK GİRİŞ - KONU TERİMİ
Konusal terim veya coğrafi ad Turkey--History--1878-1909--Congresses.
9 (RLIN) 87996
650 #0 - KONU BAŞLIĞI EK GİRİŞ - KONU TERİMİ
Konusal terim veya coğrafi ad Abdülhamid II, Sultan of the Turks, 1842-1918.
9 (RLIN) 20348
830 1# - SERİ EK GİRİŞİ - TEKBİÇİM ESER ADI
Tekbiçim Başlık AKDTYK Türk Tarih Kurumu yayınları ;
Volume number/sequential designation VIII.
9 (RLIN) 16456
830 1# - SERİ EK GİRİŞİ - TEKBİÇİM ESER ADI
Tekbiçim Başlık Dizi-sayı 7b
9 (RLIN) 87997
907 ## - LOCAL DATA ELEMENT G, LDG (RLIN)
a Tarih
942 ## - EK GİRİŞ ÖGELERİ (KOHA)
Source of classification or shelving scheme Library of Congress Classification
Koha item type Book
Holdings
Materyal Türü Kalıcı Konum Mevcut Konum Raf Yeri Sınıflandırma Kaynağı Edinim Bilgisi Ana Konular Alt Konular Yer Numarası Cilt Bilgisi Demirbaş Numarası Fatura Tarihi Geri Çekilme Durumu Kayıp Durumu Hasarlı Durumu Kredi için değil Kayıt Tarih Toplam Ödünçverme Son Görülme Tarihi Son Kontrol Tarihi Genel / Bağış Notu
Book Prof. Dr. Azmi Özcan Kütüphanesi Prof. Dr. Azmi Özcan Kütüphanesi Uluğbey Salonu Library of Congress Classification Bağış DÜNYA TARİHİ (AVRUPA, ASYA, AFRİKA VB.) Balkan Yarımadası DR571 .S85 2014 c.2 0047954 02/02/2026         17/04/2015   05/12/2024 05/12/2024 Atatürk Kültür, Dil ve Tarih Yüksek Kurumu